000 02878nam a22011297a 4500
003 PE-LiUPU
005 20251226102950.0
008 230927b |||||||| |||| 00| 0 spa d
020 _a9786124802096
040 _aPE-LiUPU
_bspa
_cPE-LiUPU
_erda
082 _223
_a344.2
_bA445m
100 _aAlmanza, Frank
_92632
_d1972-
_eAutor.
245 _aManual de derecho penal parte general /
_cFrank Almanza.
250 _aPrimera edición.
264 _aLima :
_bSan Bernardo Libros jurídicos EIRL,
_c2022.
300 _a845 páginas :
_bIlustraciones, cuadros, diagramas;
_c25 centímetros.
504 _aPáginas 829-845.
505 _aTEORÍA DEL DELITO: Principios del derecho penal -- El delito -- La acción -- La Omisión -- Iter criminis -- La tipicidad -- Imputación objetiva -- Imputación subjetiva -- Autoría y participación -- La antijuricidad -- La culpabilidad -- Consecuencias jurídicas del delito -- Criminal cómplice -- CASOS PRÁCTICOS.
526 _aP202
526 _aP201
526 _aP163
526 _aP162
526 _aP161
526 _aP160
526 _aP148
526 _aP147
526 _aP146
526 _aP145
526 _aP144
526 _aP143
526 _aP142
526 _aP141
526 _aP140
526 _aP139
526 _aP138
526 _aP137
526 _aP136
526 _aP135
526 _aP134
526 _aP133
526 _aP129
526 _aP128
526 _aP127
526 _aP120
526 _aP119
526 _aP118
526 _aP116
526 _aP115
526 _aP114
526 _aP110
526 _aP109
526 _aP108
526 _aP104
526 _aP103
526 _aP102
526 _aP99
526 _aP98
526 _aP97
526 _aP96
526 _aP95
526 _aP93
526 _aP90
526 _aP89
526 _aP88
526 _aP83
526 _aP82
526 _aP62
526 _aP59
526 _aP58
526 _aP57
526 _aP51
526 _aP49
526 _aP48
526 _aP47
526 _aP29
526 _aP24
526 _aP20
526 _aP19
526 _aP17
526 _aP15
526 _aP14
526 _aP12
526 _aP10
526 _aP09
526 _aP08
526 _aP07
526 _aP06
526 _aP05
526 _aP04
526 _aP01
556 _aE001-106-10444184961
_z9786124802096
650 0 _aDelitos (Derecho penal)
_xAspectos legales
_zPerú.
_92636
650 0 _aDerecho penal
_xLegislación
_zPerú
_92637
942 _2ddc
_cBK
_n0
999 _c61988
_d61988
980 _621515
_aDIGNA BRAÑES Analista Documental
_818226
_gJaime Vilcazán Jefe de Análisis Documental